Szczegóły MARC21

Analiza finansowa przedsiębiorstwa /

003 -Nazwa inst., której nr kontr. jest w polu 001 [,]
    • @
    • Nazwa instytucji, której n kontrolny jest w polu 001
    • NUKAT
005 -DATA I CZAS OSTATNIEJ MODYFIKACJI [,]
    • @
    • pole kontrolne
    • 20241231091244.0
020 -Międzynarod. znormalizowany nr książki - ISBN [ , ]
    • a
    • Numer ISBN
    • 9788379300686 Find
040 -Instytucja sporządzająca opis [ , ]
    • a
    • Instytucja, która sporządziła opis (NP)
    • KAT 001/UEgw
    • b
    • Język katalogowania
    • pol
    • e
    • Zasady katalogowania
    • rda
    • c
    • Instytucja, która sporządziła rekord (NP)
    • KAT 001/UEgw
    • d
    • Instytucja, która zmodyfikowała rekord (P)
    • KAT 001/UEwp
    • d
    • Instytucja, która zmodyfikowała rekord (P)
    • KAT 001/ZPs
    • d
    • Instytucja, która zmodyfikowała rekord (P)
    • GL 001/FAN
942 -Rodzaj dokumentu [ , ]
    • c
    • Rodzaj dokumentu
    • Książka
245 -Strefa tytułu i oznaczenia odpowiedzialności [0,0]
    • a
    • Tytuł
    • Analiza finansowa przedsiębiorstwa / Find
    • c
    • Pozostałe elementy strefy tytułu i oznaczenia odpowiedzialności (NP)
    • Grzegorz Gołębiowski (red.), Adrian Grycuk, Agnieszka Tłaczała, Piotr Wiśniewski.
250 -Strefa wydania [ , ]
    • a
    • Oznaczenie wydania (NP)
    • Wydanie pierwsze.
260 -Strefa adresu wydawniczego [ , ]
    • a
    • Miejsce wydania (P)
    • Warszawa :
    • b
    • Nazwa wydawcy (P)
    • Difin,
    • c
    • Data wydania (P)
    • 2014.
300 -Strefa opisu fizycznego [ , ]
    • a
    • Określenie formy książki i/lub objętość (NP)
    • 318 stron :
    • b
    • Oznaczenie ilustracji (NP)
    • ilustracje ;
    • c
    • Format (NP)
    • 23 cm.
336 -Typ zawartości [ , ]
    • a
    • Termin opisujący typ zawartości
    • Tekst
    • b
    • Kod określający zawartość
    • txt
    • 2
    • Źródło (terminu i kodu)
    • rdacontent
337 -Typ mediów [ , ]
    • a
    • Tryb odtwarzania
    • Bez urządzenia pośredniczącego
    • b
    • Kod typu mediów
    • n
    • 2
    • Źródło (terminu i kodu)
    • rdamedia
338 -Typ/rodzaj nośnika [ , ]
    • a
    • Hasło opisujące typ nośnika
    • Wolumin
    • b
    • Kod typu nośnika
    • nc
    • 2
    • Źródło (terminu i kodu)
    • rdacarrier
504 -Uwaga dot. bibliogr. załącznikowej [ , ]
    • a
    • Uwaga dot. bibliografii załącznikowej
    • Bibliografia na stronach 309-314. Indeks.
080 -Uniwersalna Klasyfikacja Dziesiętna [ , ]
    • 2
    • Identyfikator wydania tablic
    • UDC-P058
    • 9
    • UKD
    • 5620
    • a
    • Symbol klasyfikacji
    • 658.14/.17
    • b
    • Dopowiedzenie
    • Zagadnienia finansowe przedsiębiorstwa. Rozrachunek gospodarczy. Fundusz zakładowy.
    • 4
    • UKD2
    • 7665
    • x
    • Poddział wspólny
    • (075.8)
    • c
    • Dopowiedzenie poddz. wspólnego
    • (Podręczniki dla szkół wyższych. Skrypty).
080 -Uniwersalna Klasyfikacja Dziesiętna [ , ]
    • 2
    • Identyfikator wydania tablic
    • UDC-P058
    • 9
    • UKD
    • 5597
    • a
    • Symbol klasyfikacji
    • 657.6
    • b
    • Dopowiedzenie
    • Ocena i weryfikacja rachunkowości. Audyt finansowy. Rewizja finansowa. Kontrola rachunkowości. Sprawozdawczość finansowa. Analiza bilansu. Rewizja ksiąg. Biegli rewidenci.
    • 4
    • UKD2
    • 7665
    • x
    • Poddział wspólny
    • (075.8)
    • c
    • Dopowiedzenie poddz. wspólnego
    • (Podręczniki dla szkół wyższych. Skrypty).
650 -Hasło przedmiotowe [ ,7]
    • a
    • Hasło przedmiotowe
    • Analiza finansowa
    • v
    • Określnik formalny
    • podręczniki.
    • 2
    • Źródło terminu
    • kaba
    • 9
    • KHW
    • 369136
650 -Hasło przedmiotowe [ ,7]
    • a
    • Hasło przedmiotowe
    • Sprawozdania finansowe
    • v
    • Określnik formalny
    • podręczniki.
    • 2
    • Źródło terminu
    • kaba
    • 9
    • KHW
    • 352049
650 -Hasło przedmiotowe [ ,7]
    • a
    • Hasło przedmiotowe
    • Przedsiębiorstwa
    • x
    • Określnik rzeczowy
    • finanse
    • v
    • Określnik formalny
    • podręczniki.
    • 2
    • Źródło terminu
    • kaba
    • 9
    • KHW
    • 367045
980 -Symbol UKD [ , ]
    • a
    • UKD
    • 658.14/.17:657.6](075.8)
700 -Hasło dodatkowe - nazwa osobowa [1, ]
    • a
    • Nazwa osobowa (NP)
    • Gołębiowski, Grzegorz Find
    • d
    • Daty biograficzne (NP)
    • (1969- ).
    • e
    • Określenie rodzaju współpracy
    • Redakcja
    • 9
    • KHW
    • 11075
700 -Hasło dodatkowe - nazwa osobowa [1, ]
    • a
    • Nazwa osobowa (NP)
    • Grycuk, Adrian Find
    • c
    • Dopowiedzenie inne niż daty biograficzne (NP)
    • (zarządzanie).
    • e
    • Określenie rodzaju współpracy
    • Autor
    • 9
    • KHW
    • 68451
700 -Hasło dodatkowe - nazwa osobowa [1, ]
    • a
    • Nazwa osobowa (NP)
    • Tłaczała, Agnieszka. Find
    • e
    • Określenie rodzaju współpracy
    • Autor
    • 9
    • KHW
    • 9327
700 -Hasło dodatkowe - nazwa osobowa [1, ]
    • a
    • Nazwa osobowa (NP)
    • Wiśniewski, Piotr Find
    • c
    • Dopowiedzenie inne niż daty biograficzne (NP)
    • (finanse).
    • e
    • Określenie rodzaju współpracy
    • Autor
    • 9
    • KHW
    • 495424
710 -Hasło dodatkowe - nazwa ciała zbiorowego [2, ]
    • a
    • Nazwa ciała zbiorowego lub nazwa geograficzna jako pierwszy element (NP)
    • Difin.
    • e
    • Rodzaj współpracy
    • Wydawca
    • 4
    • Kod relacji
    • pbl
    • 9
    • KHW
    • 52248
920 -ISBN [ , ]
    • a
    • ISBN
    • 978-83-7930-068-6 Find
Data inwentaryzacji Lokalizacja Status udost. Numer inwentarzowy Sygnatura
2014-12-31BE-2S.94938 
2014-01-23T-2TM.10226 
2014-01-23T-2T.14403T.14403